000 00439 a2200157 4500
001 62710
020 _a9783126758567
040 _cAnchieta - Pituba
100 _aJanke-Papanicolaou, Sylvia
240 1 0 _aSo geht's noch besser neu A2- B1
_lpor
245 1 0 _aSo geht's noch besser neu A2- B1
300 _a119
362 0 _a2015
650 4 _a Uso padrão da língua alemã (prescptiva linguística - proficiência alemã)
942 _cBK
999 _c62710
_d62710